Wales County Quiz - Clwyd - Statistics

General Stats
  • This quiz has been taken 51 times
  • The average score is 10 of 15
Answer Stats
Hint Answer % Correct
River estuary that separates Clwyd from Merseyside Dee
93%
Largest seaside resort in Wales, known as the 'Queen of the Welsh Watering Places' Llandudno
93%
Popular seaside resort town to the west of Prestatyn Rhyl
86%
Second-smallest city in Britain, by population and urban area St. Asaph
84%
Large market town in the east of Clwyd, home to the Racecourse Ground Wrexham
81%
Historic county on the north-east coast of Wales that falls within the boundary of Clwyd Flintshire
77%
Large limestone headland and country park near the above town Great {Orme}
77%
The A55 trunk road that crosses the length of Clwyd is also known by this name North Wales {Expressway}
70%
North Clwyd market town, and the namesake of a historic county Denbigh
67%
Bodelwyddan born Jade Jones won Great Britain's first-ever gold medal in this sport during the London 2012 Olympics Taekwondo
67%
The Pontcysyllte Aqueduct is a UNESCO World Heritage Site carrying this waterway {Llangollen} Canal
60%
Prestatyn born politician who served as Deputy Prime Minister of the UK from 1997-2007 John Prescott
56%
Colwyn Bay born actor who played James Bond in two films Timothy Dalton
47%
Clwyd born explorer, also famous for searching for David Livingstone Henry Morton Stanley
44%
Popular waterfall tourist attraction near Betws-y-Coed {Swallow} Falls
33%
No matching quizzes found
Score Distribution
Percent of People with Each Score
Percentile by Number Answered
Your Score History
You have not taken this quiz